| 000 | 01111nam a2200373 a 4500 | ||
|---|---|---|---|
| 001 | vtls000029781 | ||
| 003 | NLI | ||
| 005 | 20210601183314.0 | ||
| 008 | 101125s1992 nyua 001 0 eng | ||
| 020 |
_a0195854276 _c£ 7.95 |
||
| 039 | 9 |
_y201011250239 _zVLOAD |
|
| 040 | 0 |
_aNLI _beng _cVERGIS-2003 |
|
| 041 | 0 | _aeng | |
| 044 | _anyu | ||
| 082 | 0 | 4 | _a759.951 |
| 100 | 1 |
_aLai, T.C. _987537 |
|
| 245 | 1 | 0 |
_aChinese painting/ _cT.C. Lai |
| 260 |
_aNew York: _bThe University Press, _c1992 |
||
| 300 |
_a65 p.: _bill.; _c19 cm. |
||
| 440 | 0 |
_aImages of Asia _985675 |
|
| 500 | _aIncludes index | ||
| 650 | 0 | _aPainting, Chinese | |
| 650 | 0 |
_aPainting _zChina _xHistory _990986 |
|
| 887 | _aNirmaladevi | ||
| 901 |
_a521526 _b25/02/1994 |
||
| 902 | _aE 759.951 L 14 c | ||
| 903 | _a27/03/2004 | ||
| 904 | _aNirmaladevi | ||
| 906 | _a029952 | ||
| 949 |
_AVIRTUAITEM _D10000 _F1 _X100 _6PUR000521526ENG _aE 759.951 L14c |
||
| 942 |
_2ddc _cBKS |
||
| 999 |
_aVIRTUA _c33765 _d33765 |
||
| 999 | _aVTLSSORT0080*0200*0400*0410*0440*0820*1000*2450*2600*3000*4400*5000*6500*6501*8520*9010*9020*9030*9040*9060*9490*9991 | ||